000 00902cab a2200253 4500
001 WB3307-05
008 090401t1997 xxu||||| |||| 00| 0 eng d
035 _a(Sirsi) u49395
041 _aeng
245 _aM25 office shortage
260 _c1997
350 _a0
490 _aEstates Gazette
_v(9706) 8 February 1997, 52(1)
520 _aMany local authorities around the M25 are considering relaxing development restrictions in order to meet the shortage of office accommodation along the M25 corridor. The number of prelets are on the increase.
650 _aM25 CORRIDOR
650 _aOFFICE DEVELOPMENT
650 _aPROPERTY-COMMERCIAL PROPERTY-OFFICE PROPERTY-OFFICE PROPERTY MARKET
650 _aPRELETS
650 _aSPACE REQUIREMENTS
650 _aSUPPLY AND DEMAND
690 _aPROPERTY-COMMERCIAL PROPERTY-COMMERCIAL PROPERTY MARKET
942 _n0
948 _c04/03/1997
999 _c30909
_d30909